Statistics for Speed Pi to 150 Digits

Click here to take the quiz!

General Stats

  • This quiz has been taken 1,292 times
  • The average score is 82 of 150

Answer Stats

Answer % Correct
1
100%
1
97%
5
97%
4
97%
9
96%
6
95%
2
95%
3
94%
5
94%
5
93%
9
92%
8
92%
9
90%
7
90%
3
89%
2
89%
3
88%
6
87%
8
87%
4
87%
6
86%
4
86%
2
86%
3
85%
3
85%
7
83%
2
83%
3
83%
8
83%
9
82%
0
81%
5
81%
2
80%
8
78%
8
78%
1
77%
4
77%
7
76%
1
76%
9
76%
6
75%
3
74%
9
74%
9
73%
3
73%
9
73%
5
72%
7
72%
1
71%
0
70%
0
69%
5
69%
2
69%
8
69%
4
68%
9
68%
7
68%
4
67%
4
67%
9
67%
5
65%
9
64%
3
63%
2
63%
0
62%
7
61%
1
61%
8
61%
0
60%
6
60%
4
60%
2
59%
6
59%
6
58%
8
58%
8
56%
2
56%
0
56%
9
55%
9
54%
6
53%
8
53%
2
52%
0
51%
8
51%
3
50%
4
49%
5
48%
2
48%
8
48%
1
47%
1
47%
7
47%
2
47%
4
47%
3
47%
6
46%
0
46%
9
45%
7
45%
8
41%
2
39%
1
36%
4
35%
8
34%
8
33%
0
33%
6
32%
5
31%
1
30%
3
29%
8
28%
2
28%
2
27%
3
26%
4
25%
6
25%
6
25%
0
25%
9
24%
0
24%
7
24%
4
23%
4
23%
3
23%
8
23%
5
22%
5
22%
5
22%
0
22%
9
22%
6
22%
0
22%
2
20%
8
20%
7
19%
1
19%
2
19%
3
19%
2
19%
5
18%
5
17%
9
17%
3
17%
0
16%
4
16%
8
15%
2
15%
8
15%
1
15%

Score Distribution

Percentile by Number Answered

Percent of People with Each Score

Your Score History

You have not taken this quiz